Manual de autoestudio : para las instituciones de educación superior.

Furkejuvvon:
Bibliográfalaš dieđut
Váldodahkki: Castrejón Díez, Jaime (autor)
Eará dahkkit: Gomora Luna, Manuel (autor) (autor), Reyes Guerrero, María Eugenia (autor) (autor)
Materiálatiipa: Girji
Giella:espánnjágiella
Fáttát:
Fáddágilkorat: Lasit fáddágilkoriid
Eai fáddágilkorat, Lasit vuosttaš fáddágilkora!

MARC

LEADER 00000cam^a2200000uu^4500
001 000480453
005 20250521000000.0
008 050901s1975^^^^^^^^^^^^rd^r^^000^0^spa^d
009 20260526150420.876
035 |a FCE 000023466 
035 |a FCE 006445 
037 |a Acervo ITESO - Biblioteca 
041 |a spa 
082 0 4 |a 378.0202  |b CASm 
100 |a Castrejón Díez, Jaime  |e (autor) 
245 1 0 |a Manual de autoestudio :  |b para las instituciones de educación superior. 
264 |a México :  |b SEP,  |c 1975. 
300 |a 236 p. 
336 |a texto  |b txt  |2 rdacontenido 
337 |a sin mediación  |b n  |2 rdamedio 
338 |a volumen  |b nc  |2 rdasoporte 
649 |a XX 
650 |a Manual 
650 |a Educación superior 
650 |a Autoestudio 
700 |a Gomora Luna, Manuel  |e (autor) 
700 |a Reyes Guerrero, María Eugenia  |e (autor) 
910 |a Fondo Centro de Estudios Educativos 
920 |a Impresos - Libros 
930 |a Fondos Especiales 
905 |a 133 
901 |a ALE006445  |b IT2  |c CEE  |u 20250521 
901 |a ALE041928  |b IT2  |c CEE  |u 20250521 
901 |a ALE041929  |b IT2  |c CEE  |u 20250521 
902 |a https://opac.biblio.iteso.mx/vufind/Record/000480453